| 000 | 01363nac a22003257a 4500 | ||
|---|---|---|---|
| 001 | BR8000129 | ||
| 003 | BR-BrBNA | ||
| 005 | 20240105114611.0 | ||
| 008 | 230509b bl.|||m| |||| 00| 0 por d | ||
| 040 |
_aBR-BrBNA _bpor _cBiblioteca Nacional de Agricultura |
||
| 072 | _aE30; S00; E70 | ||
| 090 | _a9000 BR8000129 | ||
| 100 | 1 | _aGarcia, J.C. | |
| 110 | 1 |
_aSecretaria Nacional de Planejamento Agricola, Brasilia, DF (Brasil) _99209 |
|
| 245 | 1 | _aInfluencia do aumento na oferta de alimentos sobre a nutricao humana. Implicacoes para o estabelecimento de prioridades para pesquisas agricolas no Brasil [Consumo alimentar] | |
| 246 | 1 | _a[Influence of food supply increase on human nutrition. Inference on the establishment of priorities for agricultural research in Brazil [Food consumption]] | |
| 260 | 3 |
_aBrasilia, DF (Brasil): _bBiblioteca Nacional de Agricultura, _c1979. |
|
| 300 | _a154 p. | ||
| 490 |
_aEstudos sobre o Desenvolvimento Agricola - Secretaria Nacional de Planejamento Agricola (Brazil) _vno. 12 _x |
||
| 500 | _a49 tables; 40 ref. | ||
| 650 | _aPolitica de desenvolvimento | ||
| 650 | _aNutricao humana | ||
| 650 | _aComercializacao | ||
| 650 | _aAlimento | ||
| 650 | _aConsumo alimentar | ||
| 650 | _aSuplemento proteico | ||
| 650 | _aOferta | ||
| 909 |
_a202312 _bLúcia Elande _c55 _dLúcia Elande |
||
| 942 |
_2AGRIS _n0 _cMS |
||
| 999 |
_c270274 _d270274 |
||